| Tag |
First Indicator |
Second Indicator |
Subfields |
| LEADER |
00000cam a2200000 a 4500 |
| 001 |
in00000025774 |
| 005 |
20160108111308.0 |
| 008 |
860422c19861985paua b 00000 eng |
| 010 |
|
|
|a 86005895
|
| 020 |
|
|
|a 9026507151 (pbk.) :
|c $20.90 (U.S.)
|
| 035 |
|
|
|a (OCoLC)13581809
|
| 035 |
|
|
|9 AAB5156AM
|
| 040 |
|
|
|a DLC
|c DLC
|d TXA
|d UtOrBLW
|
| 043 |
|
|
|a f-cx---
|
| 049 |
|
|
|a TXAM
|c [A11060557]
|
| 050 |
0 |
0 |
|a DT546.345.B33
|b O53 1986
|
| 082 |
0 |
|
|a 155.8/496
|2 19
|
| 245 |
0 |
0 |
|a On the edge of the forest :
|b cultural adaptation and cognitive development in Central Africa /
|c by J.W. Berry [and others].
|
| 264 |
|
1 |
|a Berwyn [Pa.] :
|b Swets North America ;
|a Lisse [Netherlands] :
|b Swets & Zeitlinger,
|c 1986
|
| 264 |
|
4 |
|c ©1985
|
| 300 |
|
|
|a 229 pages :
|b illustrations ;
|c 24 cm.
|
| 336 |
|
|
|a text
|b txt
|2 rdacontent
|
| 337 |
|
|
|a unmediated
|b n
|2 rdamedia
|
| 338 |
|
|
|a volume
|b nc
|2 rdacarrier
|
| 504 |
|
|
|a Bibliography; pages 221-229.
|
| 650 |
|
0 |
|a Babinga (African people)
|x Psychology.
|
| 650 |
|
0 |
|a Ngandu (African people)
|x Psychology.
|
| 650 |
|
0 |
|a Cognition and culture
|z Central African Republic.
|
| 650 |
|
0 |
|a Cognitive styles
|z Central African Republic.
|
| 700 |
1 |
|
|a Berry, John W.,
|d 1939-
|
| 999 |
|
|
|a MARS
|
| 999 |
f |
f |
|s c5268ce5-dbf2-3fa2-919c-d80542390077
|i 19965af4-a5ac-3ecf-820d-30152411f1e3
|t 0
|
| 952 |
f |
f |
|p ric
|a Texas A&M University
|b Rellis Campus
|c Joint Library Facility
|d Remote Storage
|t 0
|e DT546.345 .B33 O53 1986
|h Library of Congress classification
|i unmediated -- volume
|m A14811060557
|
| 998 |
f |
f |
|a DT546.345 .B33 O53 1986
|t 0
|l Remote Storage
|